000 00727cam a22002531 4500
001 sa 68015604
003 DLC
005 20260227112645.0
008 861007s1966 io a f000 1 ind
010 _asa 68015604
035 _a(OCoLC)14353268
040 _aDLC
_cIDeKN
_dDLC
042 _apremarc
050 0 0 _aPL5089.W29
_bT5 1966
100 1 _aWairata, L.
245 1 0 _aTjinta dan kewadjiban /
_coleh L. Wairata dan N. St. Iskandar.
250 _aTjet. 4.
260 _aDjakarta :
_bBalai Pustaka,
_c1966.
300 _a144 p. ;
_c21 cm.
500 _a"Dihiasi 4 buah gambar oleh Iljas St. Madjo Kajo."
500 _aNovel.
700 1 _aIskandar, N. St.
_q(Nur Sutan),
_d1893-
700 0 _aMadjo Kajo, Iljas St.
999 _c86552
_d86552